000 00304nam a22001337a 4500
008 181030b xxu||||| |||| 00| 0 eng d
020 _a9781608313815
041 _aeng
080 _a618
100 _a8
101 _aGJIN
245 _aFetal Monitoring Interpretation
_cCabaniss, M.L
942 _2udc
_cBK
999 _c51179
_d51179